Regulating Transitions from School to Work (Record no. 31567)
[ view plain ]
| 000 -LEADER | |
|---|---|
| fixed length control field | 00747nam a2200121Ia 4500 |
| 008 - FIXED-LENGTH DATA ELEMENTS--GENERAL INFORMATION | |
| fixed length control field | 220620s9999||||xx |||||||||||||| ||und|| |
| 100 ## - MAIN ENTRY--PERSONAL NAME | |
| Personal name | Dahmen, Stephan |
| 245 #0 - TITLE STATEMENT | |
| Title | Regulating Transitions from School to Work |
| Remainder of title | An Institutional Ethnography of Activation Work in Action |
| 546 ## - LANGUAGE NOTE | |
| Language note | English[eng] |
| 650 ## - SUBJECT ADDED ENTRY--TOPICAL TERM | |
| Topical term or geographic name entry element | Youth||Welfare State||Transitions||Human Service Organizations||Institutional Ethnography||Activation||Sociology of Conventions||Work||Education||Educational Research||Sociology of Education||Social Pedagogy||History of Education||Bielefeld University Press |
| 856 ## - ELECTRONIC LOCATION AND ACCESS | |
| Uniform Resource Identifier | <a href="https://library.oapen.org/bitstream/20.500.12657/49649/1/9783839457061.pdf||https://library.oapen.org/bitstream/20.500.12657/49649/1/9783839457061.pdf">https://library.oapen.org/bitstream/20.500.12657/49649/1/9783839457061.pdf||https://library.oapen.org/bitstream/20.500.12657/49649/1/9783839457061.pdf</a> |
| 942 ## - ADDED ENTRY ELEMENTS (KOHA) | |
| Koha item type | E-Books |
| Withdrawn status | Lost status | Damaged status | Not for loan | Home library | Current library | Date acquired | Total Checkouts | Date last seen | Price effective from | Koha item type |
|---|---|---|---|---|---|---|---|---|---|---|
| Kerala University of Digital Sciences, Innovation and Technology Knowledge Centre | Kerala University of Digital Sciences, Innovation and Technology Knowledge Centre | 20/06/2022 | 20/06/2022 | 20/06/2022 | E-Books |